History of Poland - Statistics

General Stats
  • This quiz has been taken 100 times
  • The average score is 10 of 19
Answer Stats
Hint Answer % Correct
city of the anti-Nazi uprising of 1944 Warsaw
82%
chemist, discoverer of two elements Marie Curie
80%
country that attacked Poland on September 17, 1939 Soviet Union
72%
city, where the Schindler's factory was located Kraków
71%
leader of the Solidarity movement Lech Wałęsa
71%
first king, crowned in 1025 Bolesław the Brave
70%
famous composer of the Romantic era Frederic Chopin
68%
birth name of pope John Paul II Karol Wojtyła
63%
Russian city, occupied in 1610–1612 Moscow
62%
site of the 2010 air disaster, in which the then president died (among others) Smolensk
56%
present country on whose territory the future Polish anthem was created Italy
53%
way of choosing a monarch in the 16th–18th centuries free election
49%
term for the polish noblemen szlachta
43%
statesman and creator of the Polish Legions during WWI Józef Piłsudski
40%
last king of the Polish-Lithuanian Commonwealth Stanisław August Poniatowski
39%
first Polish winner of the Grand Slam tennis tournament (in singles) Iga Świątek
37%
first university, founded in 1364 Jagiellonian University
37%
northern neighbor, vassalized in 1525 Teutonic Order
21%
leader of the largest Cossack uprising Bohdan Khmelnytsky
15%
No matching quizzes found
Score Distribution
Percent of People with Each Score
Percentile by Number Answered
Your Score History
You have not taken this quiz